The skeleton in the closet (Record no. 298)
[ view plain ]
| 000 -LEADER | |
|---|---|
| fixed length control field | 00371nam a22001337a 4500 |
| 008 - FIXED-LENGTH DATA ELEMENTS--GENERAL INFORMATION | |
| fixed length control field | 230426b |||||||| |||| 00| 0 eng d |
| 020 ## - INTERNATIONAL STANDARD BOOK NUMBER | |
| International Standard Book Number | 9781849016087 (pbk) |
| 050 ## - LIBRARY OF CONGRESS CALL NUMBER | |
| Classification number | PR 6052.E19.S58 |
| 100 ## - MAIN ENTRY--PERSONAL NAME | |
| Personal name | Beaton, M. C |
| Numeration | author |
| 245 ## - TITLE STATEMENT | |
| Title | The skeleton in the closet |
| Remainder of title | / |
| Statement of responsibility, etc. | M. C. Beaton, |
| 260 ## - PUBLICATION, DISTRIBUTION, ETC. | |
| Place of publication, distribution, etc. | USA: |
| Name of publisher, distributor, etc. | St Martins Press, |
| Date of publication, distribution, etc. | 2001. |
| 300 ## - PHYSICAL DESCRIPTION | |
| Extent | iv, 262p.: |
| Dimensions | 17cm |
| 942 ## - ADDED ENTRY ELEMENTS (KOHA) | |
| Source of classification or shelving scheme | Library of Congress Classification |
| Withdrawn status | Lost status | Source of classification or shelving scheme | Damaged status | Not for loan | Collection | Home library | Current library | Shelving location | Date acquired | Source of acquisition | Total Checkouts | Total Renewals | Full call number | Barcode | Date last seen | Date last checked out | Price effective from | Koha item type |
|---|---|---|---|---|---|---|---|---|---|---|---|---|---|---|---|---|---|---|
| Library of Congress Classification | Fiction | Kapasa Makasa University | Kapasa Makasa University | Open Access | 26.04.2023 | Zambia Library Service | 5 | 4 | PR 6052.E19.S58 | 746570 | 25.06.2025 | 04.06.2025 | 26.04.2023 | Fiction |